| 000 | 00586nam a2200241 a 4500 | ||
|---|---|---|---|
| 001 | nice12345678 | ||
| 003 | IN_TiNIC | ||
| 005 | 20260116012242.0 | ||
| 008 | 050524s1954 lona grp 000 0 eng | ||
| 020 |
_a _c16.75 |
||
| 082 | 0 | 0 |
_a230 _bWOO |
| 100 | _aWoodhouse, H F | ||
| 245 | _aDoctrine of the Church in Anglican Theology 1547-1603. | ||
| 260 |
_aLondon _bSPCK _c1954 |
||
| 300 | _a223p | ||
| 500 | _aincludes index and biblioraphy | ||
| 505 | 2 | _aBibliography | |
| 650 | _aTheology | ||
| 700 | 1 | _aWoodhouse, H F | |
| 902 | _bSRS | ||
| 942 | _cBK | ||
| 999 |
_c6246 _d6246 |
||